[Event "Open 2013-2014"]
[Site "Loire"]
[Date "????.??.??"]
[Round "1.1"]
[White "Vergiat, Nicolas"]
[Black "Vier, Serge"]
[Result "0-1"]
[WhiteElo "1499"]
[BlackElo "1730"]
[PlyCount "62"]

1. d4 d5 2. Nc3 Nf6 3. e3 Bf5 4. Bd3 Bg4 5. f3 Bh5 6. e4 dxe4 7. Nxe4 e6 8. Ne2
Nbd7 9. Be3 Nd5 10. Qd2 Nxe3 11. Qxe3 Nf6 12. O-O Be7 13. Nf4 Nd5 14. Nxd5 Qxd5
15. Nc3 Qd8 16. Be4 O-O 17. Rad1 c6 18. d5 Qa5 19. Qd3 cxd5 20. Bxd5 exd5 21.
Nxd5 Bc5+ 22. Kh1 Bg6 23. Qc4 Bb6 24. Ne7+ Kh8 25. Nxg6+ hxg6 26. Qh4+ Kg8 27.
c3 Qxa2 28. Rb1 Rad8 29. f4 Rd2 30. Rf2 Qxb1+ 31. Rf1 Qxf1# 0-1

[Event "Open 2013-2014"]
[Site "Loire"]
[Date "????.??.??"]
[Round "1.2"]
[White "Rasle, Jean-Michel"]
[Black "Vial-Bonacci, Eric"]
[Result "0-1"]
[WhiteElo "1700"]
[BlackElo "1499"]
[PlyCount "58"]

1. d4 d5 2. c4 e6 3. Nc3 Nf6 4. Nf3 c6 5. Bg5 Be7 6. e3 O-O 7. Qc2 h6 8. h4
Nbd7 9. Bd3 Re8 10. Ne5 Nxe5 11. dxe5 Ng4 12. Bxe7 Qxe7 13. f4 Qc5 14. Rh3 dxc4
15. Ne4 Qb4+ 16. Ke2 cxd3+ 17. Kxd3 b6 18. Ke2 Ba6+ 19. Kf3 h5 20. Rd1 Rad8 21.
Nd6 Qc5 22. Qb3 Bc4 23. Nxc4 Rxd1 24. Qxd1 Qxc4 25. b3 Qd5+ 26. Qxd5 cxd5 27.
Rh1 Rc8 28. Re1 Rc3 29. f5 Nxe5+ 0-1

[Event "Open 2013-2014"]
[Site "Loire"]
[Date "????.??.??"]
[Round "1.3"]
[White "Brachet, Gerard"]
[Black "Minchilli, Franco"]
[Result "0-1"]
[WhiteElo "1440"]
[BlackElo "1690"]
[PlyCount "90"]

1. d4 Nf6 2. Nf3 d5 3. Bg5 Nc6 4. e3 Bg4 5. c3 h6 6. Bxf6 gxf6 7. b4 e5 8. Be2
Bd6 9. Nh4 Bxe2 10. Qxe2 e4 11. O-O Qd7 12. f3 f5 13. fxe4 fxe4 14. Nf5 O-O-O
15. Nxd6+ cxd6 16. Na3 f5 17. Rf2 Rdf8 18. Raf1 h5 19. h4 Ne7 20. c4 Qa4 21.
Qb2 dxc4 22. Nxc4 Qd7 23. b5 b6 24. a4 Kb7 25. a5 Nd5 26. a6+ Kb8 27. Qb3 Rh7
28. Nd2 Nc7 29. Nxe4 Nxb5 30. Ng3 Rhf7 31. Nxh5 Nc7 32. Ra1 Rh8 33. Nf4 Rxh4
34. Nd5 Rfh7 35. Rff1 Nxd5 36. Qxd5 Qd8 37. Qxf5 Rh8 38. Qf3 Rh1+ 39. Kf2 Rxf1+
40. Rxf1 Rf8 41. Qxf8 Qxf8+ 42. Ke2 Qg8 43. Kd3 Qg6+ 44. Kc4 d5+ 45. Kb5 Qd3+
0-1

[Event "Open 2013-2014"]
[Site "Loire"]
[Date "????.??.??"]
[Round "1.4"]
[White "Megnot, Philippe"]
[Black "Rogues, Jean-Luc"]
[Result "1-0"]
[WhiteElo "1640"]
[BlackElo "1440"]
[PlyCount "91"]

1. d4 d5 2. c4 e6 3. Nf3 g6 4. Bf4 Bd6 5. Bg3 Nc6 6. e3 Nge7 7. Bh4 Qd7 8. c5
O-O 9. cxd6 Qxd6 10. a3 Nf5 11. Bf6 Ng7 12. Bd3 Nh5 13. Bh4 e5 14. dxe5 Nxe5
15. Be2 Bg4 16. Nbd2 c6 17. O-O Qe6 18. Nxe5 Bxe2 19. Qxe2 Qxe5 20. Nf3 Qf5 21.
Nd4 Qe4 22. Bg3 Rfe8 23. Qd2 Nxg3 24. hxg3 Re7 25. Qb4 Rb8 26. Qb3 Rbe8 27.
Rac1 h5 28. Nf3 Qf5 29. Qa4 a6 30. Qb4 g5 31. Rfd1 g4 32. Nh4 Qd7 33. Rd4 Re4
34. Rcd1 f5 35. Ng6 Qh7 36. Nh4 Qg7 37. Nxf5 Qe5 38. Nh4 Qc7 39. Ng6 c5 40.
Rxe4 Rxe4 41. Qb3 c4 42. Qc2 Kf7 43. Nf4 Qa5 44. Rxd5 Qe1+ 45. Kh2 b5 46. Qxe4
1-0

[Event "Open 2013-2014"]
[Site "Loire"]
[Date "????.??.??"]
[Round "1.5"]
[White "Thizy, Nicolas"]
[Black "Bacyk, Bruno"]
[Result "0-1"]
[WhiteElo "1440"]
[BlackElo "1620"]
[PlyCount "64"]

1. e4 e6 2. d4 c5 3. Be3 cxd4 4. Bxd4 Nc6 5. Nf3 Nxd4 6. Qxd4 Nf6 7. Bd3 b6 8.
Nbd2 Bc5 9. Qc3 O-O 10. b4 Be7 11. a3 Bb7 12. Qb2 Rc8 13. Rc1 d5 14. e5 Ne4 15.
Qd4 Nc3 16. O-O a5 17. Rfe1 axb4 18. axb4 b5 19. Nb3 Na2 20. Rb1 Nxb4 21. Bxb5
Nxc2 22. Qd3 Nxe1 23. Rxe1 Qb6 24. Nbd4 Bc5 25. Ng5 g6 26. Ngf3 Bxd4 27. Nxd4
Rc5 28. Rb1 Qc7 29. h3 Rc3 30. Qe2 Qc5 31. Nf3 Rb8 32. Qe1 Rc8 0-1

[Event "Open 2013-2014"]
[Site "Loire"]
[Date "????.??.??"]
[Round "1.6"]
[White "Desassis, Jean-Francois"]
[Black "Volay, Pascal"]
[Result "0-1"]
[WhiteElo "1620"]
[BlackElo "1440"]
[PlyCount "104"]

1. c4 e5 2. d3 Nf6 3. g3 Bc5 4. Bg2 Nc6 5. Nf3 h6 6. a3 a6 7. b4 Bd4 8. Nxd4
Nxd4 9. Bb2 d6 10. Nd2 O-O 11. e3 Nf5 12. Nf3 Re8 13. O-O c6 14. Rc1 Be6 15. c5
e4 16. dxe4 Nxe4 17. Nd4 Nf6 18. Nxf5 Bxf5 19. cxd6 Re6 20. Bxf6 Rxf6 21. e4
Rxd6 22. Qf3 Be6 23. Rfd1 Rxd1+ 24. Rxd1 Qe7 25. Qd3 Kf8 26. e5 g6 27. f4 Ke8
28. Qd6 Rd8 29. Bxc6+ bxc6 30. Qxc6+ Rd7 31. Rd6 Qd8 32. Qxa6 Ke7 33. b5 Rxd6
34. exd6+ Qxd6 35. b6 Qd1+ 36. Kf2 Qd2+ 37. Qe2 Qxe2+ 38. Kxe2 Bd5 39. Kd3 Kd6
40. a4 Kc5 41. a5 Kb5 42. Kd4 Bc6 43. Ke5 Ka6 44. Kd6 Bf3 45. Kc7 h5 46. h3 f5
47. h4 Be4 48. Kd6 Kxa5 49. Ke5 Kxb6 50. Kf6 Bf3 51. Kxg6 Bg4 52. Kg5 Kc5 0-1

[Event "Open 2013-2014"]
[Site "Loire"]
[Date "????.??.??"]
[Round "1.7"]
[White "Martin, Julien"]
[Black "Liogier, Pascal"]
[Result "0-1"]
[WhiteElo "1410"]
[BlackElo "1620"]
[PlyCount "38"]

1. e4 c6 2. Nc3 d5 3. exd5 cxd5 4. d4 Nf6 5. Nf3 a6 6. Be2 Nc6 7. O-O Qc7 8. g3
Bh3 9. Re1 e6 10. Ng5 Bf5 11. Bf1 h6 12. Nf3 Bg4 13. Be2 Bb4 14. Bf4 Bd6 15.
Bxd6 Qxd6 16. Nd2 Nxd4 17. Bxg4 Nxg4 18. Nf1 Ne5 19. Qxd4 Nf3+ 0-1

[Event "Open 2013-2014"]
[Site "Loire"]
[Date "????.??.??"]
[Round "1.8"]
[White "Boeuf, Jean-Julien"]
[Black "Bonaventura, Christian"]
[Result "1-0"]
[WhiteElo "1609"]
[BlackElo "1399"]
[PlyCount "75"]

1. Nf3 Nc6 2. g3 e5 3. d3 Be7 4. Bg2 Nf6 5. O-O O-O 6. c4 d5 7. Qb3 e4 8. dxe4
dxe4 9. Rd1 Qe8 10. Ng5 Na5 11. Qc3 Qc6 12. Qxa5 Qxc4 13. Nc3 Bg4 14. b3 Qb4
15. Qxb4 Bxb4 16. Ngxe4 Rfe8 17. Nxf6+ gxf6 18. Nd5 Be7 19. Nxe7+ Rxe7 20. Ba3
Bxe2 21. Re1 Rae8 22. Bxe7 Rxe7 23. Bxb7 Re5 24. f4 Rb5 25. Ba6 Rb8 26. Rxe2 c5
27. Rae1 Kg7 28. Re7 Rd8 29. Bc4 Kf8 30. Rxf7+ Kg8 31. Rd7+ Kh8 32. Rxd8+ Kg7
33. Re7+ Kh6 34. g4 a5 35. Rdd7 Kg6 36. Rg7+ Kh6 37. Rxh7+ Kg6 38. Rdg7# 1-0

[Event "Open 2013-2014"]
[Site "Loire"]
[Date "????.??.??"]
[Round "1.9"]
[White "Barrandon, Georges"]
[Black "Schuhmann, Alain"]
[Result "0-1"]
[WhiteElo "1370"]
[BlackElo "1600"]
[PlyCount "96"]

1. d4 d5 2. c4 Nf6 3. e3 e6 4. Nf3 Be7 5. Be2 O-O 6. O-O b6 7. Nc3 Ba6 8. b3
Ne4 9. Nxe4 dxe4 10. Nd2 Bb7 11. f4 f5 12. Qc2 Bb4 13. a3 Bxd2 14. Qxd2 Qh4 15.
Qe1 Qh6 16. Bb2 Nd7 17. b4 c5 18. Bc3 Rae8 19. Rd1 Rf7 20. b5 cxd4 21. Bxd4 e5
22. fxe5 Nxe5 23. Qc3 Ng4 24. h3 Nf6 25. Rf2 Nh5 26. Kh2 Qg5 27. Bxh5 Qxh5 28.
Rdf1 Ref8 29. a4 Qg5 30. a5 f4 31. axb6 Qg3+ 32. Kh1 f3 33. Kg1 fxg2 34. Rf4
Qxh3 35. Re1 Rxf4 36. exf4 Qh1+ 37. Kf2 Rxf4+ 38. Ke2 Qf1+ 39. Kd1 Qf3+ 40.
Qxf3 exf3 41. bxa7 f2 42. Bxf2 Rxf2 43. c5 Rf1 44. c6 Rxe1+ 45. Kxe1 g1=Q+ 46.
Ke2 Qg2+ 47. Kd3 Bxc6 48. bxc6 Qxc6 0-1

[Event "Open 2013-2014"]
[Site "Loire"]
[Date "????.??.??"]
[Round "1.10"]
[White "Mazet, Christian"]
[Black "Mialon, Franck"]
[Result "1-0"]
[WhiteElo "1599"]
[BlackElo "1360"]
[PlyCount "61"]

1. d4 d5 2. Nf3 c6 3. a4 e6 4. c4 f5 5. Bf4 Bd6 6. Bxd6 Qxd6 7. e3 Nf6 8. c5
Qc7 9. Nc3 Qa5 10. Bd3 O-O 11. O-O Qd8 12. h3 Ne4 13. Ne5 Nd7 14. Ne2 Nxe5 15.
dxe5 Bd7 16. b4 Be8 17. Nd4 Qg5 18. Nxe6 Qg6 19. Nxf8 Kxf8 20. Bxe4 fxe4 21. f4
Bd7 22. g4 Qh6 23. Kg2 Kg8 24. Qe2 b5 25. f5 Qg5 26. e6 Be8 27. axb5 cxb5 28.
Ra6 h5 29. Rf4 Qh6 30. Qf2 Rd8 31. e7 1-0

[Event "Open 2013-2014"]
[Site "Loire"]
[Date "????.??.??"]
[Round "1.11"]
[White "Allabrune, Guillaume"]
[Black "Boeuf, Jeremy"]
[Result "1-0"]
[WhiteElo "1335"]
[BlackElo "1594"]
[PlyCount "55"]

1. c4 Nf6 2. b3 g6 3. Bb2 Bg7 4. Nc3 O-O 5. Nf3 c6 6. e4 d6 7. Qc2 Nbd7 8. d4
Qc7 9. Be2 a6 10. O-O c5 11. dxc5 dxc5 12. h3 Ne5 13. Nxe5 Qxe5 14. Nd5 Qb8 15.
Nxe7+ Kh8 16. Bf3 Qc7 17. Nd5 Nxd5 18. exd5 f6 19. Rfe1 Bf5 20. Be4 Bxe4 21.
Qxe4 Rfe8 22. Qxe8+ Rxe8 23. Rxe8+ Bf8 24. Rxf8+ Kg7 25. Rxf6 Kg8 26. Re1 Qd7
27. d6 Qc6 28. Re7 1-0

[Event "Open 2013-2014"]
[Site "Loire"]
[Date "????.??.??"]
[Round "1.12"]
[White "Acikgoz, Tuncay"]
[Black "Bournez, Gerard"]
[Result "1-0"]
[WhiteElo "1590"]
[BlackElo "1290"]
[PlyCount "117"]

1. d4 d5 2. c4 dxc4 3. Nc3 Bd7 4. e4 e6 5. Bxc4 Bb4 6. Nf3 c6 7. O-O Bxc3 8.
bxc3 Ne7 9. Bf4 Ng6 10. Bd6 Bc8 11. e5 Ne7 12. Rb1 O-O 13. Qc2 h6 14. Rb2 Nd7
15. Rfb1 Nb6 16. Bd3 Qd7 17. a4 f5 18. c4 Qd8 19. a5 Nd7 20. Qa4 a6 21. Nh4 Re8
22. Qb4 Kf7 23. Be2 g6 24. Qd2 Kg7 25. Rb3 Ng8 26. Nf3 Ne7 27. Ne1 Kh7 28. Rh3
Ng8 29. Nd3 Kg7 30. Nf4 Qg5 31. Nxg6 Qxd2 32. Bh5 Kh7 33. Nh4 Ndf6 34. exf6
Nxf6 35. Bg6+ Kg8 36. Be5 Ng4 37. Bxe8 Qxf2+ 38. Kh1 Nxe5 39. dxe5 f4 40. Ng6
Qc2 41. Rf1 Qxc4 42. Rhf3 Kg7 43. Rxf4 Qxf1+ 44. Rxf1 Bd7 45. Rf7+ Kxg6 46.
Rf6+ Kg5 47. Bxd7 c5 48. Rxe6 Rf8 49. Kg1 c4 50. Rb6 Rb8 51. e6 Kf6 52. Ba4 Ke7
53. Kf2 Rf8+ 54. Ke2 Rb8 55. Kd2 Rd8+ 56. Kc3 Rc8 57. Rxb7+ Kd6 58. e7 Rc7 59.
Rxc7 1-0

[Event "Open 2013-2014"]
[Site "Loire"]
[Date "????.??.??"]
[Round "1.13"]
[White "Palais, Alexis"]
[Black "Joly, Christian"]
[Result "0-1"]
[WhiteElo "1199"]
[BlackElo "1590"]
[PlyCount "56"]

1. e4 d6 2. Nc3 Nf6 3. Nf3 g6 4. d4 Bg7 5. Bg5 O-O 6. Bxf6 Bxf6 7. Qd2 c6 8.
O-O-O Nd7 9. Bc4 b5 10. Bb3 Bg7 11. Rhe1 a5 12. d5 a4 13. dxc6 axb3 14. cxd7
Bxd7 15. cxb3 Qc7 16. Re3 b4 17. Kb1 bxc3 18. bxc3 Rfb8 19. Rc1 Bh6 20. h4 Bxe3
21. Qxe3 Qb6 22. Nd4 e5 23. Nc2 Qa5 24. Rd1 Qxa2+ 25. Kc1 Rxb3 26. Rxd6 Ba4 27.
Rb6 Rxb6 28. Qxb6 Qxc2# 0-1

[Event "Open 2013-2014"]
[Site "Loire"]
[Date "????.??.??"]
[Round "1.14"]
[White "Philip, Sylvain"]
[Black "Poyet, Louis"]
[Result "1-0"]
[WhiteElo "1580"]
[BlackElo "1190"]
[PlyCount "69"]

1. e4 e5 2. Nf3 Nc6 3. Bb5 Bd6 4. d3 Nf6 5. Bg5 O-O 6. c3 a6 7. Ba4 b5 8. Bb3
Qe7 9. Nbd2 Bc5 10. O-O d6 11. Re1 Bg4 12. Nf1 b4 13. h3 Be6 14. Bc2 h6 15. Be3
Bxe3 16. Nxe3 d5 17. exd5 Bxd5 18. Nxd5 Nxd5 19. d4 f6 20. Bb3 Rad8 21. dxe5
fxe5 22. Bxd5+ Kh8 23. Qb3 Qd6 24. Bxc6 Qxc6 25. Nxe5 Qd5 26. Ng6+ Kh7 27.
Nxf8+ Rxf8 28. Rf1 Qd6 29. cxb4 c5 30. bxc5 Qxc5 31. Qb7 a5 32. Rac1 Qf5 33.
Qc7 Rf7 34. Qc2 Qxc2 35. Rxc2 1-0

h2+ 1-0

[Event "Open 2013-2014"]
[Site "Loire"]
[Date "????.??.??"]
[Round "1.15"]
[White "Choquelle, Jean"]
[Black "Trottet, Francois"]
[Result "0-1"]
[WhiteElo "1130"]
[BlackElo "1570"]
[PlyCount "72"]

1. e4 c5 2. Bc4 e6 3. Nf3 Nc6 4. c3 Na5 5. d3 Nxc4 6. dxc4 d6 7. O-O Be7 8. Qd3
Qc7 9. Re1 Nf6 10. e5 dxe5 11. Nxe5 O-O 12. b3 b6 13. Na3 a6 14. Nc2 Bd6 15.
Nf3 Bb7 16. Bg5 Rad8 17. Qe2 Bxf3 18. Qxf3 Be7 19. Bf4 Bd6 20. Bg5 Be7 21. Bf4
Qc8 22. Ne3 Rd3 23. Rad1 Rfd8 24. Be5 h6 25. g4 Nh7 26. Qe2 R3d7 27. Kh1 Ng5
28. Ng2 Qc6 29. f4 Nf3 30. Rf1 Rxd1 31. Rxd1 Rxd1+ 32. Qxd1 Nxe5 33. fxe5 Qe4
34. Kg1 Qxe5 35. a4 Bd6 36. b4 Qxh2+ 0-1

[Event "Open 2013-2014"]
[Site "Loire"]
[Date "????.??.??"]
[Round "1.16"]
[White "Guichard, Thomas"]
[Black "Dugelay, Alain"]
[Result "1-0"]
[WhiteElo "1530"]
[BlackElo "1120"]
[PlyCount "85"]

1. e4 e5 2. Nf3 Nf6 3. Nxe5 d6 4. Nf3 Nxe4 5. d4 Be7 6. Bd3 Bf5 7. O-O O-O 8.
Re1 Re8 9. Bxe4 Bxe4 10. Rxe4 g6 11. Bh6 Bf8 12. Rxe8 Qxe8 13. Bxf8 Qxf8 14.
Nbd2 Nc6 15. c3 b5 16. a3 h6 17. Qc2 Re8 18. Ne4 Qe7 19. Ng3 a6 20. Qd2 Qf8 21.
Re1 Ne7 22. Qe2 Kg7 23. Nf1 c6 24. Ne3 Nd5 25. Qd2 Re7 26. Nxd5 cxd5 27. Rxe7
Qxe7 28. Qe3 Qf6 29. h3 Qf5 30. Qd2 g5 31. Nh2 Kg6 32. Ng4 h5 33. Ne3 Qe6 34.
Qd3+ Kf6 35. Qh7 Qe4 36. Qxh5 Qb1+ 37. Nf1 Qf5 38. Qf3 Qxf3 39. gxf3 Kf5 40.
Ne3+ Kf4 41. Kg2 g4 42. hxg4 Kg5 43. Nxd5 1-0

[Event "Open 2013-2014"]
[Site "Loire"]
[Date "????.??.??"]
[Round "1.17"]
[White "Duffy, Claudine"]
[Black "Bragado, Kevin"]
[Result "0-1"]
[WhiteElo "1090"]
[BlackElo "1499"]
[PlyCount "40"]

1. e4 e5 2. Nf3 Nc6 3. Bc4 Be7 4. O-O Nf6 5. d3 d6 6. Nc3 h6 7. Be3 Bg4 8. h3
Bd7 9. Qd2 O-O 10. Nh4 Nh7 11. f4 Bxh4 12. g3 Bxg3 13. Qg2 Qh4 14. Rf3 exf4 15.
Bxf4 Bxf4 16. Qg4 Bxg4 17. hxg4 Qxg4+ 18. Kf2 Ng5 19. Nd5 Qxf3+ 20. Ke1 Qh1+
0-1

 0-1

[Event "Open 2013-2014"]
[Site "Loire"]
[Date "????.??.??"]
[Round "2.1"]
[White "Vier, Serge"]
[Black "Acikgoz, Tuncay"]
[Result "1-0"]
[WhiteElo "1730"]
[BlackElo "1590"]
[PlyCount "39"]

1. d4 d5 2. c4 c6 3. Nf3 Nf6 4. Nc3 g6 5. Bf4 Bg7 6. e3 O-O 7. Qc2 Nbd7 8. cxd5
cxd5 9. Bd3 Re8 10. Nb5 Qa5+ 11. Ke2 Nh5 12. Nc7 Nxf4+ 13. exf4 Nb8 14. Nxe8
Bg4 15. Nxg7 Nc6 16. Qc5 Qa4 17. Ke3 Kxg7 18. Bb5 Qb4 19. Bxc6 Qxb2 20. Rhb1
1-0

[Event "Open 2013-2014"]
[Site "Loire"]
[Date "????.??.??"]
[Round "2.2"]
[White "Minchilli, Franco"]
[Black "Joly, Christian"]
[Result "0-1"]
[WhiteElo "1690"]
[BlackElo "1590"]
[PlyCount "78"]

1. d4 Nf6 2. c4 c5 3. Nf3 cxd4 4. Bf4 g6 5. Nxd4 d6 6. Nf3 Bg7 7. Nc3 O-O 8. e4
e5 9. Bg5 Qb6 10. Rb1 Nbd7 11. Qd2 Qc6 12. Bd3 Nc5 13. Bxf6 Bxf6 14. Bc2 Bg4
15. Qe3 Ne6 16. Nd5 Bd8 17. Nd2 Nd4 18. Bd3 b6 19. h3 Bc8 20. Qg3 Bb7 21. O-O
Qe8 22. f4 Bxd5 23. exd5 e4 24. Nxe4 Ne2+ 25. Bxe2 Qxe4 26. Bd3 Qd4+ 27. Kh1
Be7 28. f5 Rae8 29. Rf4 Qg7 30. fxg6 fxg6 31. Rxf8+ Rxf8 32. Re1 Rf7 33. b4 Qd4
34. Be2 Bh4 35. Qxd6 Bxe1 36. Bf3 Qxc4 37. Qd8+ Kg7 38. Qe8 Bg3 39. Qe2 Qc1+
0-1

[Event "Open 2013-2014"]
[Site "Loire"]
[Date "????.??.??"]
[Round "2.3"]
[White "Trottet, Francois"]
[Black "Megnot, Philippe"]
[Result "0-1"]
[WhiteElo "1570"]
[BlackElo "1640"]
[PlyCount "86"]

1. e4 c5 2. Nf3 Nc6 3. d4 cxd4 4. Nxd4 d6 5. Nc3 a6 6. Bc4 g6 7. Be3 Bg7 8. Qf3
Ne5 9. Qe2 Nf6 10. Bb3 O-O 11. h3 Bd7 12. Qd2 Qc8 13. Bh6 b5 14. Bxg7 Kxg7 15.
f3 Rb8 16. O-O-O a5 17. Nd5 Nxd5 18. Bxd5 e6 19. f4 exd5 20. fxe5 dxe5 21. Nf3
Re8 22. exd5 b4 23. Rhe1 f6 24. Re4 Bf5 25. Re2 a4 26. Nh4 b3 27. Nxf5+ gxf5
28. axb3 axb3 29. Qe3 Ra8 30. Qxb3 Ra1+ 31. Kd2 Rxd1+ 32. Kxd1 Qd7 33. c4 f4
34. Qf3 Qa4+ 35. b3 Qa1+ 36. Kc2 Ra8 37. Qc3 Ra2+ 38. Kd3 Qd1+ 39. Rd2 e4+ 40.
Kxe4 Rxd2 41. Qf3 Rd4+ 42. Kf5 Qc2+ 43. Kg4 Qg6+ 0-1

[Event "Open 2013-2014"]
[Site "Loire"]
[Date "????.??.??"]
[Round "2.4"]
[White "Bacyk, Bruno"]
[Black "Philip, Sylvain"]
[Result "1-0"]
[WhiteElo "1620"]
[BlackElo "1580"]
[PlyCount "130"]

1. c4 d6 2. g3 Nf6 3. Bg2 c6 4. Nc3 g6 5. d4 Bg7 6. e4 O-O 7. Nge2 Na6 8. O-O
Bg4 9. h3 Bxe2 10. Nxe2 e5 11. Re1 Nc7 12. Be3 Qe7 13. Nc3 Rfe8 14. Qb3 Ne6 15.
Rad1 exd4 16. Bxd4 Nxd4 17. Rxd4 Qc7 18. Qd1 Rad8 19. Rd3 Re7 20. e5 Rde8 21.
Rxd6 Rxe5 22. Rxe5 Rxe5 23. Rd8+ Re8 24. Rxe8+ Nxe8 25. Qb3 Qe7 26. Kf1 Nd6 27.
Qa3 Qd7 28. Qxa7 Nxc4 29. Qa8+ Bf8 30. Qa4 Qd3+ 31. Kg1 Nxb2 32. Qb3 Qd2 33.
Ne4 Qe1+ 34. Kh2 Nd1 35. Ng5 Qe7 36. Nxh7 Nxf2 37. Nxf8 Kxf8 38. Qf3 Qe1 39.
Qa3+ Kg7 40. Qb2+ Kh6 41. Qxb7 Qe6 42. Qxc6 Qxa2 43. Qc1+ Kg7 44. Kg1 Nd3 45.
Qc3+ Kf8 46. Qxd3 Qa7+ 47. Kf1 Qa1+ 48. Kf2 Qf6+ 49. Bf3 Qb6+ 50. Qe3 Qb2+ 51.
Qe2 Qb6+ 52. Kg2 Qa5 53. Qb2 Kg8 54. h4 Qd8 55. Qa2 Kg7 56. Bd5 Qf6 57. Bxf7
Qxf7 58. Qxf7+ Kxf7 59. Kf3 g5 60. hxg5 Kg6 61. Kg4 Kg7 62. Kh5 Kh7 63. g6+ Kg7
64. g4 Kg8 65. Kh6 Kh8 1-0

[Event "Open 2013-2014"]
[Site "Loire"]
[Date "????.??.??"]
[Round "2.5"]
[White "Liogier, Pascal"]
[Black "Guichard, Thomas"]
[Result "1-0"]
[WhiteElo "1620"]
[BlackElo "1530"]
[PlyCount "76"]

1. c4 e5 2. Nc3 Nf6 3. g3 d6 4. Bg2 c6 5. Nh3 Be6 6. Qb3 h6 7. Qxb7 Nbd7 8.
Qxc6 Rc8 9. Qa4 a5 10. d3 Be7 11. O-O O-O 12. Bd2 Nc5 13. Qc2 Qd7 14. Ng5 hxg5
15. Bxg5 Bh3 16. Bxh3 Qxh3 17. Bxf6 Bxf6 18. Nd5 Bg5 19. f4 exf4 20. Nxf4 Qh7
21. Nd5 g6 22. Rf6 Kg7 23. Rxd6 Rh8 24. h4 Bxh4 25. gxh4 Qxh4 26. Qc3+ Kf8 27.
Qe5 Rh5 28. Qe3 Qh1+ 29. Kf2 Qxa1 30. Qe7+ Kg8 31. Nf6+ Kg7 32. Nxh5+ gxh5 33.
Qf6+ Kg8 34. Rd8+ Rxd8 35. Qxd8+ Kg7 36. Qg5+ Kf8 37. Qxc5+ Kg7 38. Qxa5 Qh1
1-0

[Event "Open 2013-2014"]
[Site "Loire"]
[Date "????.??.??"]
[Round "2.6"]
[White "Bragado, Kevin"]
[Black "Boeuf, Jean-Julien"]
[Result "1-0"]
[WhiteElo "1499"]
[BlackElo "1609"]
[PlyCount "47"]

1. d4 f5 2. c4 Nf6 3. Nc3 e6 4. e3 Be7 5. Nge2 O-O 6. g3 d5 7. cxd5 Nxd5 8. Bg2
c6 9. O-O Nd7 10. Qb3 N7f6 11. Bd2 Rf7 12. Rac1 Bf8 13. Na4 a5 14. Nc5 Qb6 15.
Qxb6 Nxb6 16. Nf4 Nc4 17. Rxc4 Re7 18. Rfc1 g5 19. Nfd3 Rc7 20. Na4 Nd5 21.
Bxd5 exd5 22. Nb6 Ra6 23. Nxd5 Rf7 24. Ne5 1-0

[Event "Open 2013-2014"]
[Site "Loire"]
[Date "????.??.??"]
[Round "2.7"]
[White "Schuhmann, Alain"]
[Black "Allabrune, Guillaume"]
[Result "1-0"]
[WhiteElo "1600"]
[BlackElo "1335"]
[PlyCount "65"]

1. e4 e6 2. f4 d5 3. exd5 exd5 4. Nf3 Nc6 5. d4 Bd6 6. Be2 Nge7 7. O-O O-O 8.
Nc3 Bf5 9. Ne5 Bb4 10. Bg4 Bxg4 11. Nxg4 Nf5 12. Ne2 f6 13. c3 Bd6 14. Qd3 Qd7
15. Ng3 Nfxd4 16. f5 Bxg3 17. hxg3 Rae8 18. cxd4 Re4 19. Ne3 Nxd4 20. Bd2 Rfe8
21. Rae1 c5 22. b3 b5 23. Rf4 c4 24. bxc4 bxc4 25. Qc3 Rxf4 26. gxf4 Re4 27.
Rb1 Ne2+ 28. Kf2 Nxc3 29. Rb8+ Kf7 30. Bxc3 d4 31. Bb4 dxe3+ 32. Kf3 e2 33.
Rf8# 1-0

[Event "Open 2013-2014"]
[Site "Loire"]
[Date "????.??.??"]
[Round "2.8"]
[White "Vial-Bonacci, Eric"]
[Black "Mazet, Christian"]
[Result "1-0"]
[WhiteElo "1499"]
[BlackElo "1599"]
[PlyCount "49"]

1. d4 Nf6 2. e3 d5 3. Bd3 g6 4. Nf3 Bg7 5. O-O c6 6. c4 O-O 7. Nc3 dxc4 8. Bxc4
Nbd7 9. Qe2 Nb6 10. Bb3 a5 11. Bc2 Nbd5 12. e4 Nxc3 13. bxc3 Qc7 14. h3 b6 15.
Bd3 Rd8 16. Rd1 Nh5 17. e5 Bf8 18. Ng5 Ng7 19. Qf3 e6 20. h4 Nf5 21. g4 Ng7 22.
h5 h6 23. hxg6 hxg5 24. gxf7+ Kh8 25. Qh3+ 1-0

[Event "Open 2013-2014"]
[Site "Loire"]
[Date "????.??.??"]
[Round "2.9"]
[White "Volay, Pascal"]
[Black "Rasle, Jean-Michel"]
[Result "0-1"]
[WhiteElo "1440"]
[BlackElo "1700"]
[PlyCount "94"]

1. d4 Nf6 2. c4 g6 3. Nf3 Bg7 4. e3 d5 5. Nc3 Bg4 6. cxd5 Nxd5 7. Be2 O-O 8. h3
Nxc3 9. bxc3 Bf5 10. Bd3 Bxd3 11. Qxd3 Nd7 12. O-O e6 13. Ba3 Re8 14. Rfe1 Rc8
15. Rac1 c5 16. Bb2 c4 17. Qc2 b5 18. a3 Nb6 19. Red1 Nd5 20. Ra1 a5 21. Qd2
Qb6 22. Rdc1 Bf8 23. e4 Nf6 24. Re1 Red8 25. e5 Nd5 26. g4 b4 27. axb4 axb4 28.
Rec1 b3 29. Ra4 Rd7 30. Rca1 Qc7 31. Ra8 Rxa8 32. Rxa8 Qb7 33. Ra1 Nb6 34. Qe2
Rd8 35. Kg2 Qc6 36. Kg3 Na4 37. h4 Nxb2 38. Qxb2 Ra8 39. Nd2 Rxa1 40. Qxa1 Qb5
41. Nb1 b2 42. Qa2 Kg7 43. f3 f6 44. exf6+ Kxf6 45. Kf2 e5 46. dxe5+ Kxe5 47.
Qa7 Bc5+ 0-1

[Event "Open 2013-2014"]
[Site "Loire"]
[Date "????.??.??"]
[Round "2.10"]
[White "Barrandon, Georges"]
[Black "Desassis, Jean-Francois"]
[Result "1-0"]
[WhiteElo "1370"]
[BlackElo "1620"]
[PlyCount "108"]

1. d4 Nf6 2. c4 e5 3. dxe5 Ng4 4. Nf3 Bc5 5. e3 Nc6 6. h3 Ngxe5 7. Be2 d6 8.
O-O Be6 9. b3 O-O 10. Bb2 a5 11. Nc3 Rb8 12. Qc2 Ng6 13. Ne4 Ba7 14. Qc3 Nce5
15. Rfd1 b5 16. cxb5 Rxb5 17. Bxb5 Nxf3+ 18. gxf3 f6 19. Kg2 Qe7 20. Ng3 Nh4+
21. Kf1 Nxf3 22. Ke2 Ng5 23. h4 Bg4+ 24. Kd3 Bxd1 25. Rxd1 Nh3 26. Ke2 Nf4+ 27.
Kf1 Ng6 28. Qxa5 Bb6 29. Qb4 f5 30. Bc4+ Kh8 31. Bd5 f4 32. exf4 Rxf4 33. Ne4
Qxh4 34. Rd2 Qh1+ 35. Ke2 Bxf2 36. Qb8+ Rf8 37. Qxc7 Qe1+ 38. Kd3 Ne5+ 39. Bxe5
dxe5 40. Nxf2 h6 41. Qe7 Qb1+ 42. Ke2 Qf5 43. Qe6 Qxf2+ 44. Kd3 Qd4+ 45. Kc2
Qc5+ 46. Bc4 Qa3 47. Kc3 Rf3+ 48. Rd3 Qa5+ 49. b4 Qa3+ 50. Bb3 Qc1+ 51. Bc2
Qe1+ 52. Kb3 Rf8 53. Qd6 e4 54. Qxf8+ Kh7 1-0

[Event "Open 2013-2014"]
[Site "Loire"]
[Date "????.??.??"]
[Round "2.11"]
[White "Boeuf, Jeremy"]
[Black "Palais, Alexis"]
[Result "1-0"]
[WhiteElo "1594"]
[BlackElo "1199"]
[PlyCount "35"]

1. f4 Nc6 2. Nf3 Nf6 3. g3 d5 4. d3 Bg4 5. Bg2 e6 6. O-O Bxf3 7. Bxf3 e5 8. e3
e4 9. Be2 h6 10. Nd2 g5 11. d4 gxf4 12. Rxf4 Rg8 13. Qf1 Bd6 14. Rxf6 Bf8 15.
Bh5 Rg5 16. Rxf7 Bd6 17. Rf8+ Ke7 18. Qf7# 1-0

[Event "Open 2013-2014"]
[Site "Loire"]
[Date "????.??.??"]
[Round "2.12"]
[White "Mialon, Franck"]
[Black "Vergiat, Nicolas"]
[Result "1-0"]
[WhiteElo "1360"]
[BlackElo "1499"]
[PlyCount "31"]

1. e4 e5 2. f4 Nc6 3. Bc4 Nf6 4. Nf3 d6 5. Ng5 Bg4 6. Be2 Qe7 7. Bxg4 Nxg4 8.
Qxg4 Nd4 9. Na3 f6 10. Nf3 g6 11. O-O f5 12. exf5 gxf5 13. Qh3 e4 14. Nxd4 Bg7
15. Nxf5 Qd7 16. Nxg7+ 1-0

[Event "Open 2013-2014"]
[Site "Loire"]
[Date "????.??.??"]
[Round "2.13"]
[White "Bournez, Gerard"]
[Black "Brachet, Gerard"]
[Result "1-0"]
[WhiteElo "1290"]
[BlackElo "1440"]
[PlyCount "93"]

1. e4 e5 2. Nc3 Nf6 3. Nf3 d6 4. Bc4 h6 5. d3 Nbd7 6. d4 exd4 7. Nxd4 c6 8. Nf5
Qc7 9. Bf4 Ne5 10. Bxe5 dxe5 11. O-O b5 12. Bd3 Bb7 13. a3 Rd8 14. b4 a6 15.
Qe2 c5 16. bxc5 Bxc5 17. Nxg7+ Kf8 18. Nf5 h5 19. Nd1 Bc8 20. Nde3 h4 21. h3
Nh5 22. Qg4 Bxf5 23. Nxf5 Be7 24. Nxh4 Bxh4 25. Qxh4 Qe7 26. Qxe7+ Kxe7 27. g3
Rhg8 28. Kh2 Ke6 29. Be2 Ng7 30. Bg4+ f5 31. exf5+ Nxf5 32. Bxf5+ Kxf5 33. g4+
Kf4 34. Kg2 Rd2 35. Rac1 e4 36. Rfe1 Re8 37. Re3 Re5 38. Kf1 a5 39. Ke1 Red5
40. Re2 R2d4 41. Re3 a4 42. c3 Rd2 43. Re2 Rxe2+ 44. Kxe2 Rd3 45. c4 e3 46.
Kxd3 bxc4+ 47. Rxc4+ 1-0

[Event "Open 2013-2014"]
[Site "Loire"]
[Date "????.??.??"]
[Round "2.14"]
[White "Rogues, Jean-Luc"]
[Black "Choquelle, Jean"]
[Result "1-0"]
[WhiteElo "1440"]
[BlackElo "1130"]
[PlyCount "49"]

1. d4 d5 2. c4 Nf6 3. Nc3 e6 4. e3 Bb4 5. Bd2 Nc6 6. Bd3 e5 7. c5 e4 8. Bb5 O-O
9. Bxc6 bxc6 10. Nge2 Bg4 11. Qa4 Qd7 12. Qxb4 Bh3 13. gxh3 Qxh3 14. O-O-O Qc8
15. Qa4 Qb7 16. Ng3 Rfe8 17. Rhg1 Ng4 18. Nf5 Nxf2 19. Rxg7+ Kh8 20. Rdg1 Nd3+
21. Kd1 Nxb2+ 22. Ke2 Nxa4 23. Nh6 Nxc3+ 24. Kf2 Qb2 25. Nxf7# 1-0